Pedestrian Crossing Signs of the World - Statistics

General Stats
  • This quiz has been taken 427 times
  • The average score is 10 of 30
Answer Stats
Picture Answer % Correct
Estonia
67%
Iceland
65%
South Korea
65%
Spain / Andorra
59%
Norway
57%
Sweden
54%
Poland
53%
Austria
41%
Portugal
36%
Denmark
34%
Finland
34%
Belgium
33%
Switzerland
32%
Greece
31%
Latvia
30%
Japan
29%
Hungary
28%
Ireland
27%
Australia
25%
Czech Republic
25%
France / Monaco
24%
Netherlands
23%
Slovakia
21%
Brazil
14%
Chile
11%
Luxembourg
11%
Singapore
10%
Thailand
10%
Bangladesh
8%
Indonesia
8%
No matching quizzes found
Score Distribution
Percent of People with Each Score
Percentile by Number Answered
Your Score History
You have not taken this quiz